[Event "Arco op 31st"]
[Site "Arco"]
[Date "2009.10.20"]
[Round "4"]
[White "Anane Nsiah, Peter"]
[Black "Galas, Franco"]
[Result "1-0"]
[WhiteElo "1440"]
[BlackElo "1792"]
[PlyCount "79"]
[EventDate "2009.10.17"]
[EventType "swiss"]
[EventRounds "9"]
[EventCountry "ITA"]
[SourceTitle "EXT 2010"]
[Source "ChessBase"]
[SourceDate "2010.11.25"]
[SourceVersion "1"]
[SourceVersionDate "2010.11.25"]
[SourceQuality "1"]

1. e4 d6 2. d4 e6 3. Nc3 Ne7 4. Be3 g6 5. Bd3 Bg7 6. Qd2 Nbc6 7. Nge2 Bd7 8. f3 e5 9. d5 Nb8 10. g4 a5 11. h4 h6 12. 0-0-0 Na6 13. Bxa6 Rxa6 14. Rhg1 b5 15. Rdf1 Nc8 16. g5 h5 17. f4 Nb6 18. Bxb6 Rxb6 19. f5 0-0 20. Ng3 b4 21. Nd1 Qe8 22. f6 Bh8 23. Ne3 Qc8 24. Nc4 Rb5 25. Nxh5 a4 26. Ng3 b3 27. cxb3 axb3 28. a3 Rc5 29. h5 Rxc4+ 30. Kb1 Rd4 31. Qe3 Bg4 32. hxg6 fxg6 33. Rh1 Rf7 34. Qf2 Bh3 35. Nf5 gxf5 36. Rxh3 f4 37. Qh4 Qxh3 38. Qxh3 Rh7 39. Qe6+ Rf7 40. g6 1-0